000 01090nas a2200289 454500
001 30832
005 20260407193508.0
008 260407s1987####ag###########|||spa#d
003 AR-UNSa-BCEJYS
040 _aAR-UNSa-BCEJYS
_bspa
_cAR-UNSa-BCEJYS
080 _a330
_xEconomía en general
245 1 0 _aOikos
_ppara la comunicación con los docentes
264 1 _aBuenos Aires :
_bUniversidad de Buenos Aires. Facultad de Ciencias Económicas
_c1987
310 _aFrecuencia: Irregular A partir del Año III, Nº9 (dic. 1995) el título varía por: ENOIKOS : REVISTA DE LA FACULTAD DE CIENCIAS ECONOMICAS
041 _aspa
942 _cSER
590 _aniveau_biblio:s niveau_hierar:1
100 1 _aUniversidad de Buenos Aires. Facultad de Ciencias Económicas
700 1 _aGak, Abraham Leonardo
650 _aComercio
650 _aIndustria
650 _aPolítica económica
650 _aPolítica social
650 _aCooperación económica
650 _aMERCOSUR
856 4 1 _uhttps://biblioeco.unsa.edu.ar/pmb/images/revistas/Enoikos.jpg
_yImagen de portada
_qimage/jpeg
999 _c8698
_d8698